<?xml version="1.0" encoding="UTF-8"?><?xml-stylesheet type="text/xsl" href="static/style.xsl"?><OAI-PMH xmlns="http://www.openarchives.org/OAI/2.0/" xmlns:xsi="http://www.w3.org/2001/XMLSchema-instance" xsi:schemaLocation="http://www.openarchives.org/OAI/2.0/ http://www.openarchives.org/OAI/2.0/OAI-PMH.xsd"><responseDate>2026-04-13T02:30:58Z</responseDate><request verb="GetRecord" identifier="oai:www.recercat.cat:2099.1/23116" metadataPrefix="marc">https://recercat.cat/oai/request</request><GetRecord><record><header><identifier>oai:recercat.cat:2099.1/23116</identifier><datestamp>2025-07-23T04:58:51Z</datestamp><setSpec>com_2072_1033</setSpec><setSpec>col_2072_452951</setSpec></header><metadata><record xmlns="http://www.loc.gov/MARC21/slim" xmlns:dcterms="http://purl.org/dc/terms/" xmlns:xsi="http://www.w3.org/2001/XMLSchema-instance" xmlns:doc="http://www.lyncode.com/xoai" xsi:schemaLocation="http://www.loc.gov/MARC21/slim http://www.loc.gov/standards/marcxml/schema/MARC21slim.xsd">
   <leader>00925njm 22002777a 4500</leader>
   <datafield ind2=" " ind1=" " tag="042">
      <subfield code="a">dc</subfield>
   </datafield>
   <datafield ind2=" " ind1=" " tag="720">
      <subfield code="a">Gago Torres, Aleandro</subfield>
      <subfield code="e">author</subfield>
   </datafield>
   <datafield ind2=" " ind1=" " tag="260">
      <subfield code="c">2013-06-26</subfield>
   </datafield>
   <datafield ind2=" " ind1=" " tag="520">
      <subfield code="a">Aquest TFM es desenvolupa a partir del treball dels Circuits elèctrics a 2n d'ESO, amb&#xd;
aquesta intenció ha generat un material de treball que permet impartir la material en dos&#xd;
vessants diferents, en al seva part experimental, on l'alumne farà muntatges físics dels&#xd;
elements del taller, i per l'altre banda, la part virtual on a partir d'un simulador modificat per&#xd;
a l'ocasió, l'alumne podrà extrapolar els coneixements que s'escapen a les possibilitats&#xd;
materials. Aquesta voluntat de combinar les dos experiències de treball ha obligat a&#xd;
adaptar un simulador de circuits elèctrics ja existent i de domini públic, per a que sigui&#xd;
adient com a eina de docència als alumnes del curs a qui va dirigit. Per aquesta raó el&#xd;
TFM inclou tot una sèrie de documents de suport a la tasca educativa, tant per als&#xd;
alumnes com pels docents. El cor del treball el composen les fitxes de seguiment dels&#xd;
muntatges, on l'alumne haurà d'enregistrar les dades que obtingui, tant a l'aula taller com&#xd;
al davant de l'ordinador. Aquesta metodologia de treball que combina les dos experiències&#xd;
està, actualment, poc explotada i per això el que s'ha volgut realitzar es un material que&#xd;
possibiliti la seva implantació sense que el docent hagi de fer un canvi dràstic en la seva&#xd;
metodologia habitual, d'aquest manera és més fàcil que sigui acceptat per la comunitat&#xd;
educativa i que en un futur, la gran majoria de professionals ja implementi els simuladors&#xd;
al temari que imparteix. Per altra banda, el TFM es complementa amb les guies d'usuari i&#xd;
modificació del simulador escollit, amb la intenció de deixar la porta oberta al qui vulgui&#xd;
continuar i ampliar el camp de recerca que aquí es mostra.</subfield>
   </datafield>
   <datafield tag="653" ind2=" " ind1=" ">
      <subfield code="a">Àrees temàtiques de la UPC::Ensenyament i aprenentatge::Ensenyament secundari::ESO</subfield>
   </datafield>
   <datafield tag="653" ind2=" " ind1=" ">
      <subfield code="a">Àrees temàtiques de la UPC::Ensenyament i aprenentatge::Metodologies docents::Aprenentatge actiu</subfield>
   </datafield>
   <datafield tag="653" ind2=" " ind1=" ">
      <subfield code="a">Technology -- Study and Teaching (Secondary)</subfield>
   </datafield>
   <datafield tag="653" ind2=" " ind1=" ">
      <subfield code="a">Simulador</subfield>
   </datafield>
   <datafield tag="653" ind2=" " ind1=" ">
      <subfield code="a">Circuits</subfield>
   </datafield>
   <datafield tag="653" ind2=" " ind1=" ">
      <subfield code="a">Elèctrics</subfield>
   </datafield>
   <datafield tag="653" ind2=" " ind1=" ">
      <subfield code="a">Virtual</subfield>
   </datafield>
   <datafield tag="653" ind2=" " ind1=" ">
      <subfield code="a">Experimental</subfield>
   </datafield>
   <datafield tag="653" ind2=" " ind1=" ">
      <subfield code="a">Guia</subfield>
   </datafield>
   <datafield tag="653" ind2=" " ind1=" ">
      <subfield code="a">Falstad</subfield>
   </datafield>
   <datafield tag="653" ind2=" " ind1=" ">
      <subfield code="a">Tecnologia</subfield>
   </datafield>
   <datafield tag="653" ind2=" " ind1=" ">
      <subfield code="a">Tecnologia -- Educació secundària obligatòria</subfield>
   </datafield>
   <datafield ind2="0" ind1="0" tag="245">
      <subfield code="a">Plantejament d'activitats amb circuits elèctrics a 2n d'ESO: de la manipulació a la simulació</subfield>
   </datafield>
</record></metadata></record></GetRecord></OAI-PMH>